|
|
|
|
| LEADER |
005940000a22001930004500 |
| 020 |
|
|
|a 0-00-712104-0
|
| 082 |
|
|
|a 823 CHR1/MIS P2
|
| 100 |
|
|
|a Christie, Agatha; Author
|
| 245 |
|
|
|a Miss Marple`s final cases
|
| 250 |
|
|
|
| 260 |
|
|
|a New York, HarperCollins Publishers Inc
|
| 260 |
|
|
|c 2002
|
| 460 |
|
|
|a 240p
|
| 465 |
|
|
|a Rs.150.00
|
| 500 |
|
|
|a Agatha Christie
|
| 650 |
|
|
|a English fiction
|
| 942 |
|
|
|c BK
|
| 999 |
|
|
|c 34111
|d 34111
|
| 952 |
|
|
|0 0
|1 0
|4 0
|6 823_000000000000000_CHR1MIS_P2
|7 0
|8 ENG
|9 34421
|a MGUL
|b MGUL
|d 2013-07-16
|e Rs.150.00
|l 3
|o 823 CHR1/MIS P2
|p 34534
|r 2018-04-26
|s 2018-04-09
|w 2013-07-16
|y BK
|